| 000 | 00581nam a22002177 4500 | ||
|---|---|---|---|
| 999 |
_c1447 _d1447 |
||
| 003 | AR-BaISA | ||
| 005 | 20231006151728.0 | ||
| 007 | ta | ||
| 008 | 231006s1977 ag |||| |||| 000 0 spa d | ||
| 040 |
_bspa _cAR-BaISA |
||
| 082 | 0 | 4 |
_222 _a155.924 L115 |
| 100 | 1 |
_92316 _aLacan, Jacques |
|
| 245 | 1 | 3 |
_aLa familia / _cJacques Lacan |
| 260 |
_a[Buenos Aires]: _bHomo Sapiens, _c1977 |
||
| 300 | _a115 p. | ||
| 490 | 1 | _aEl hombre y su mente | |
| 650 | 1 | 0 |
_9141 _aPsicoanálisis |
| 650 | 1 | 0 |
_9948 _aRelaciones familiares |
| 830 |
_93120 _aEl hombre y su mente |
||
| 942 |
_2ddc _cLI _e22 |
||